| 000 | 00429nam a2200181Ia 4500 | ||
|---|---|---|---|
| 001 | 21262 | ||
| 005 | 20260306172906.0 | ||
| 008 | 260306t2003||||xx |||||||||||||| ||spa|| | ||
| 041 | _aESP | ||
| 082 |
_a344.51 _bM17 |
||
| 100 |
_aMahiques, Carlos A. _eAUT |
||
| 245 | 0 | _aLa noción jurídica de tortura | |
| 260 | _c2003 | ||
| 300 |
_a383 páginas : _c23 cm. |
||
| 650 | _aGEN | ||
| 654 | _aCDE | ||
| 942 |
_cLIB _dJUS _fJUS _2ddc _n |
||
| 999 |
_c21262 _d21262 |
||